Statistics for Dungeons & Dragons Spells

Click here to take the quiz!

General Stats

  • This quiz has been taken 82 times
  • The average score is 78 of 458

Answer Stats

Class(es)SchoolAnswer% Correct
Sorcerer, WizardEvocationFireball
89%
Cleric, DruidEvocationHeal
71%
Sorcerer, WizardConjurationWish
60%
Bard, Sorcerer, Warlock, WizardIllusionInvisibility
57%
Sorcerer, WizardAbjurationShield
54%
Sorcerer, WizardEvocationLightning Bolt
51%
Bard, Cleric, Druid, Paladin, RangerEvocationCure Wounds
49%
Sorcerer, Warlock, WizardTransmutationFly
48%
Sorcerer, WizardEvocationMagic Missile
48%
Bard, Druid, Sorcerer, WizardTransmutationPolymorph
48%
Bard, Cleric, PaladinNecromancyRaise Dead
48%
Bard, Sorcerer, WizardConjurationTeleport
48%
Bard, Druid, Sorcerer, Warlock, WizardEnchantmentCharm Person
46%
Bard, Cleric, Druid, Paladin, Ranger, Sorcerer, WizardDivination (Ritual)Detect Magic
46%
Cleric, PaladinEnchantmentBless
44%
Bard, Cleric, DruidEvocationHealing Word
44%
Bard, Cleric, Druid, Sorcerer, Warlock, WizardEnchantmentHold Person
43%
Bard, Druid, RangerDivination (Ritual)Speak with Animals
43%
Bard, ClericNecromancyResurrection
41%
Cleric, Druid, Paladin, RangerNecromancyRevivify
41%
Cleric, Paladin, Sorcerer, Warlock, WizardAbjurationBanishment
40%
Druid, Sorcerer, WizardEvocationWall of Fire
40%
Sorcerer, Warlock, WizardConjurationMisty Step
38%
Sorcerer, Warlock, WizardEvocationDarkness
37%
Sorcerer, WizardTransmutationHaste
37%
Bard, Sorcerer, Warlock, WizardEnchantmentHold Monster
37%
Sorcerer, WizardAbjurationMage Armor
37%
Bard, Sorcerer, Warlock, WizardEnchantmentPower Word: Kill
37%
Bard, Sorcerer, WizardEnchantmentSleep
37%
Sorcerer, WizardEvocationBurning Hands
35%
Bard, Sorcerer, WizardIllusionDisguise Self
35%
Paladin, Ranger, Sorcerer, WizardTransmutationMagic Weapon
35%
Bard, WizardEnchantmentTasha's Hideous Laughter
35%
Druid, RangerTransmutationGoodberry
33%
Bard, Sorcerer, WizardIllusionGreater Invisibility
33%
Druid, Sorcerer, WizardEvocationIce Storm
33%
Bard, Sorcerer, WizardTransmutationKnock
33%
Sorcerer, WizardTransmutationLevitate
33%
Bard, Cleric, WizardNecromancySpeak with Dead
33%
Bard, Druid, Sorcerer, WizardEvocationThunderwave
33%
Sorcerer, Warlock, WizardAbjurationCounterspell
32%
WizardConjuration (Ritual)Find Familiar
32%
ClericEvocationMass Heal
32%
Bard, Cleric, Druid, Warlock, WizardDivinationScrying
32%
Bard, Sorcerer, WizardTransmutationSlow
32%
WizardEvocationWall of Ice
32%
WarlockAbjurationArmor of Agathys
30%
Bard, ClericEnchantmentBane
30%
Druid, RangerTransmutationBarkskin
30%
Bard, Sorcerer, Warlock, WizardConjurationDimension Door
30%
Bard, Cleric, Druid, Paladin, RangerAbjurationLesser Restoration
30%
Bard, Cleric, RangerIllusion (Ritual)Silence
30%
Cleric, DruidNecromancyTrue Resurrection
30%
Druid, Sorcerer, WizardEvocationWall of Stone
30%
Cleric, WizardNecromancyAnimate Dead
29%
Sorcerer, WizardEvocationChain Lightning
29%
Bard, Cleric, PaladinEnchantmentCommand
29%
Bard, Sorcerer, WizardDivinationDetect Thoughts
29%
Bard, Druid, Sorcerer, WizardTransmutationEnlarge/Reduce
29%
Bard, Sorcerer, WizardTransmutationFeather Fall
29%
Bard, Cleric, Druid, RangerAbjurationGreater Restoration
29%
Druid, Ranger, Sorcerer, WizardTransmutationJump
29%
Bard, Sorcerer, Warlock, WizardEnchantmentPower Word: Stun
29%
WizardEvocationWall of Force
29%
Sorcerer, Warlock, WizardEvocationWitch Bolt
29%
Ranger, WizardAbjuration (Ritual)Alarm
27%
Ranger, Sorcerer, WizardTransmutationAshardalon's Stride
27%
Sorcerer, WizardEvocationBigby's Hand
27%
Druid, Sorcerer, WizardEvocationCone of Cold
27%
Bard, Cleric, Druid, Paladin, Sorcerer, Warlock, WizardAbjurationDispel Magic
27%
Sorcerer, WizardConjurationGrease
27%
RangerDivinationHunter's Mark
27%
Sorcerer, WizardEvocationMeteor Swarm
27%
Cleric, Paladin, Warlock, WizardAbjurationRemove Curse
27%
Bard, Druid, Sorcerer, Warlock, WizardEnchantmentCharm Monster
25%
Bard, Sorcerer, WizardIllusionColor Spray
25%
Druid, Ranger, Sorcerer, WizardTransmutationDarkvision
25%
Druid, RangerConjurationEntangle
25%
Bard, Cleric, WizardAbjurationGlyph of Warding
25%
WizardEvocationMelf's Acid Arrow
25%
Bard, Sorcerer, Warlock, WizardIllusionMirror Image
25%
Druid, RangerAbjurationPass Without Trace
25%
Sorcerer, WizardEvocationScorching Ray
25%
Bard, Cleric, WizardEvocationSending
25%
Bard, Warlock, WizardTransmutationTrue Polymorph
25%
Druid, Ranger, Sorcerer, WizardAbjurationAbsorb Elements
24%
Druid, Sorcerer, Warlock, WizardNecromancyBlight
24%
Sorcerer, WizardTransmutationBlink
24%
Sorcerer, WizardEvocationChromatic Orb
24%
Sorcerer, WizardConjurationCloudkill
24%
Bard, Sorcerer, Warlock, WizardEnchantmentDominate Monster
24%
Bard, Sorcerer, WizardEnchantmentDominate Person
24%
Druid, Ranger, Sorcerer, WizardConjurationFog Cloud
24%
Sorcerer, Warlock, WizardTransmutationGaseous Form
24%
ClericEvocationGuiding Bolt
24%
ClericNecromancyInflict Wounds
24%
Bard, ClericEvocationMass Healing Word
24%
Cleric, Druid, Sorcerer, Warlock, WizardConjurationPlane Shift
24%
ClericAbjurationSanctuary
24%
Bard, Sorcerer, Warlock, WizardEvocationShatter
24%
Cleric, PaladinAbjurationShield of Faith
24%
Bard, Druid, RangerTransmutationSpeak with Plants
24%
Sorcerer, WizardTransmutationTelekinesis
24%
Druid, Ranger, Sorcerer, WizardTransmutation (Ritual)Water Breathing
24%
Cleric, Druid, Ranger, SorcererTransmutation (Ritual)Water Walk
24%
Sorcerer, WizardConjurationWeb
24%
Bard, Cleric, Sorcerer, WizardNecromancyBlindness/Deafness
22%
DruidConjurationCall Lightning
22%
Druid, WizardConjurationConjure Elemental
22%
Sorcerer, WizardTransmutationDisintegrate
22%
Druid, Ranger, Sorcerer, WizardEvocationGust of Wind
22%
WarlockEnchantmentHex
22%
Bard, Sorcerer, Warlock, WizardIllusionHypnotic Pattern
22%
Bard, WizardDivination (Ritual)Identify
22%
Bard, Cleric, DruidEvocationMass Cure Wounds
22%
Druid, Ranger, Sorcerer, WizardAbjurationStoneskin
22%
Bard, Sorcerer, Warlock, WizardEnchantmentSuggestion
22%
Druid, RangerConjurationSummon Beast
22%
Cleric, PaladinConjurationSummon Celestial
22%
Druid, Ranger, Warlock, WizardConjurationSummon Fey
22%
Cleric, Druid, Sorcerer, WizardEvocationSunbeam
22%
Bard, Cleric, Sorcerer, Warlock, WizardDivinationTongues
22%
Bard, Cleric, PaladinEnchantmentZone of Truth
22%
WarlockConjurationArms of Hadar
21%
Cleric, Druid, WizardDivination (Ritual)Augury
21%
Cleric, PaladinEvocation (Ritual)Ceremony
21%
Bard, Sorcerer, Warlock, WizardDivination (Ritual)Comprehend Languages
21%
Bard, Druid, Sorcerer, WizardEnchantmentConfusion
21%
Druid, RangerConjurationConjure Animals
21%
Cleric, Druid, RangerDivinationFind Traps
21%
Sorcerer, Warlock, WizardNecromancyFinger of Death
21%
ClericNecromancyHarm
21%
WarlockEvocationHellish Rebuke
21%
Druid, Sorcerer, WizardConjurationIce Knife
21%
Bard, Cleric, Druid, Paladin, Ranger, WizardDivinationLocate Object
21%
Bard, ClericEvocationPower Word: Heal
21%
Cleric, Druid, Paladin, Warlock, WizardAbjurationProtection from Evil and Good
21%
Sorcerer, WizardNecromancyRay of Sickness
21%
Bard, Sorcerer, WizardDivinationSee Invisibility
21%
Bard, Sorcerer, WizardIllusionSeeming
21%
Bard, Sorcerer, WizardIllusionSilent Image
21%
Druid, RangerTransmutationSpike Growth
21%
Warlock, WizardConjurationSummon Fiend
21%
Druid, Sorcerer, WizardEvocationWall of Water
21%
Bard, Cleric, Paladin, RangerAbjurationAid
19%
Sorcerer, WizardTransmutationAlter Self
19%
WizardAbjurationArcane Lock
19%
Cleric, Warlock, WizardNecromancyAstral Projection
19%
PaladinAbjurationBanishing Smite
19%
Bard, Cleric, WizardNecromancyBestow Curse
19%
Sorcerer, WizardIllusionBlur
19%
Sorcerer, WizardTransmutationCatapult
19%
Bard, Cleric, Sorcerer, WizardDivinationClairvoyance
19%
ClericDivination (Ritual)Commune
19%
Warlock, WizardDivination (Ritual)Contact Other Plane
19%
Sorcerer, WizardIllusionCreation
19%
Cleric, Druid, Paladin, Ranger, SorcererEvocationDaylight
19%
Druid, Sorcerer, WizardConjurationFlaming Sphere
19%
Cleric, Sorcerer, Warlock, WizardConjurationGate
19%
Bard, Cleric, Druid, Paladin, WizardEnchantmentGeas
19%
Bard, DruidTransmutationHeat Metal
19%
Bard, PaladinEnchantmentHeroism
19%
WarlockConjurationHunger of Hadar
19%
Bard, WizardEvocation (Ritual)Leomund's Tiny Hut
19%
Bard, Sorcerer, Warlock, WizardIllusionMajor Image
19%
Bard, Sorcerer, WizardEnchantmentSilvery Barbs
19%
ClericConjurationSpirit Guardians
19%
ClericEvocationSpiritual Weapon
19%
Warlock, WizardNecromancySummon Undead
19%
Bard, Warlock, WizardConjuration (Ritual)Unseen Servant
19%
Warlock, WizardIllusionWeird
19%
Bard, Druid, RangerEnchantmentAnimal Friendship
17%
Bard, Sorcerer, WizardTransmutationAnimate Objects
17%
WizardNecromancyClone
17%
Cleric, DruidNecromancyContagion
17%
Cleric, PaladinConjurationCreate Food and Water
17%
Cleric, Druid, WizardDivination (Ritual)Divination
17%
Bard, Sorcerer, Warlock, WizardNecromancyEyebite
17%
Bard, Sorcerer, Warlock, WizardIllusionFear
17%
PaladinConjurationFind Steed
17%
Druid, Sorcerer, WizardEvocationFire Shield
17%
Cleric, Druid, SorcererEvocationFire Storm
17%
Bard, Druid, Warlock, WizardDivinationForesight
17%
Bard, Cleric, DruidConjurationHeroes' Feast
17%
Cleric, Paladin, Warlock, WizardAbjurationMagic Circle
17%
DruidEvocationMoonbeam
17%
Bard, WizardConjurationMordenkainen's Magnificent Mansion
17%
Bard, Druid, RangerTransmutationPlant Growth
17%
Bard, WizardAbjurationPrismatic Wall
17%
DruidTransmutationReincarnate
17%
Paladin, RangerEvocationSearing Smite
17%
Druid, Ranger, WizardConjurationSummon Elemental
17%
WizardConjurationTenser's Floating Disk
17%
Sorcerer, Warlock, WizardConjurationThunder Step
17%
Sorcerer, WizardTransmutationTime Stop
17%
PaladinEvocationWrathful Smite
17%
Bard, Sorcerer, Warlock, WizardConjurationCloud of Daggers
16%
Cleric, Druid, WizardTransmutationControl Water
16%
Cleric, Druid, WizardTransmutationControl Weather
16%
Cleric, PaladinDivinationDetect Evil and Good
16%
BardEnchantmentDissonant Whispers
16%
Cleric, Druid, SorcererEvocationEarthquake
16%
Bard, DruidEvocationFaerie Fire
16%
Sorcerer, WizardNecromancyFalse Life
16%
Druid, Sorcerer, Warlock, WizardTransmutationFlesh to Stone
16%
Bard, Cleric, Druid, RangerAbjurationFreedom of Movement
16%
Bard, Cleric, Druid, Paladin, Ranger, WizardDivinationLocate Creature
16%
WizardNecromancyMagic Jar
16%
Bard, Sorcerer, WizardTransmutationMass Polymorph
16%
Bard, Sorcerer, Warlock, WizardEnchantmentMass Suggestion
16%
Bard, Sorcerer, WizardIllusionPhantasmal Force
16%
Bard, WizardIllusionPhantasmal Killer
16%
Bard, Sorcerer, WizardEvocationPrismatic Spray
16%
Cleric, Druid, Paladin, RangerAbjurationProtection from Poison
16%
Warlock, WizardNecromancyRay of Enfeeblement
16%
Druid, Warlock, WizardTransmutationShapechange
16%
Sorcerer, Warlock, WizardTransmutationSpider Climb
16%
Bard, Sorcerer, WizardConjurationStinking Cloud
16%
Cleric, Druid, WizardTransmutationStone Shape
16%
Warlock, WizardConjurationSummon Greater Demon
16%
Bard, Sorcerer, Warlock, WizardConjurationTeleportation Circle
16%
Sorcerer, WizardNecromancyVampiric Touch
16%
Cleric, PaladinAbjurationWarding Bond
16%
Cleric, WizardAbjurationAntimagic Field
14%
PaladinEvocationBlinding Smite
14%
Bard, Sorcerer, Warlock, WizardEnchantmentCrown of Madness
14%
Druid, Ranger, SorcererEnchantmentDominate Beast
14%
Bard, Warlock, WizardIllusionDream
14%
Druid, Paladin, RangerTransmutationElemental Weapon
14%
PaladinConjurationFind Greater Steed
14%
ClericConjurationGuardian of Faith
14%
Bard, WizardIllusion (Ritual)Magic Mouth
14%
WizardEvocationOtiluke's Resilient Sphere
14%
Bard, WizardEnchantmentOtto's Irresistible Dance
14%
WizardTransmutationRope Trick
14%
Sorcerer, Warlock, WizardIllusionShadow Blade
14%
Cleric, Paladin, Warlock, WizardNecromancySpirit Shroud
14%
PaladinEvocationThunderous Smite
14%
Druid, RangerEvocationWind Wall
14%
Druid, Sorcerer, WizardNecromancyWither and Bloom
14%
Bard, Druid, RangerEnchantment (Ritual)Animal Messenger
13%
SorcererEvocationChaos Bolt
13%
RangerConjurationConjure Barrage
13%
Cleric, PaladinAbjurationDeath Ward
13%
Bard, Cleric, Druid, Ranger, Sorcerer, WizardTransmutationEnhance Ability
13%
Sorcerer, Warlock, WizardTransmutationExpeditious Retreat
13%
Druid, SorcererEvocationFlame Blade
13%
ClericEvocationFlame Strike
13%
Sorcerer, WizardAbjurationGlobe of Invulnerability
13%
Cleric, Druid, SorcererConjurationInsect Plague
13%
WizardAbjurationInvulnerability
13%
WizardConjurationMaze
13%
Bard, WizardAbjurationMind Blank
13%
WizardTransmutationPasswall
13%
Sorcerer, Warlock, WizardEnchantmentPower Word: Pain
13%
Bard, Sorcerer, Warlock, WizardEnchantmentPsychic Scream
13%
Druid, Sorcerer, WizardTransmutationReverse Gravity
13%
Bard, Druid, WizardTransmutation (Ritual)Skywrite
13%
Druid, Sorcerer, WizardConjurationSleet Storm
13%
Warlock, WizardConjurationSummon Aberration
13%
Bard, Sorcerer, Warlock, WizardEnchantmentSynaptic Static
13%
Sorcerer, WizardEnchantmentTasha's Mind Whip
13%
WizardEvocationTelepathy
13%
Sorcerer, Warlock, WizardEvocationWall of Light
13%
WizardEvocationWall of Sand
13%
WizardDivinationArcane Eye
11%
Druid, RangerDivinationBeast Bond
11%
PaladinEvocationBranding Smite
11%
Sorcerer, Warlock, WizardNecromancyCircle of Death
11%
Druid, RangerDivination (Ritual)Commune with Nature
11%
PaladinEnchantmentCompelled Duel
11%
ClericConjurationConjure Celestial
11%
Druid, RangerConjurationConjure Woodland Beings
11%
Cleric, DruidTransmutationCreate or Destroy Water
11%
Bard, Sorcerer, Warlock, WizardIllusionDistort Value
11%
Sorcerer, Warlock, WizardNecromancyEnervation
11%
WizardConjurationEvard's Black Tentacles
11%
Sorcerer, Warlock, WizardConjurationFar Step
11%
Bard, Druid, Warlock, WizardEnchantmentFeeblemind
11%
Bard, Cleric, DruidDivinationFind the Path
11%
Druid, Ranger, Sorcerer, WizardTransmutationFlame Arrows
11%
Bard, WizardEnchantmentGift of Gab
11%
Bard, WarlockTransmutationGlibness
11%
Druid, RangerConjurationGrasping Vine
11%
Druid, RangerTransmutationGuardian of Nature
11%
RangerConjurationHail of Thorns
11%
Bard, Warlock, WizardIllusion (Ritual)Illusory Script
11%
Druid, Sorcerer, Warlock, WizardTransmutationInvestiture of Flame
11%
Druid, Sorcerer, Warlock, WizardTransmutationInvestiture of Ice
11%
Druid, Sorcerer, Warlock, WizardTransmutationInvestiture of Stone
11%
Bard, Sorcerer, WizardTransmutationKinetic Jaunt
11%
Sorcerer, WizardTransmutationMaximillian's Earthen Grasp
11%
Cleric, Druid, RangerTransmutation (Ritual)Meld into Stone
11%
Sorcerer, WizardEvocationMelf's Minute Meteors
11%
Bard, WizardEnchantmentModify Memory
11%
Bard, WizardEvocationMordenkainen's Sword
11%
Bard, Cleric, Druid, Warlock, WizardAbjurationPlanar Binding
11%
Cleric, PaladinEvocationPrayer of Healing
11%
Bard, WizardIllusionProgrammed Illusion
11%
Cleric, Druid, PaladinTransmutation (Ritual)Purify Food and Drink
11%
Bard, Sorcerer, WizardTransmutationPyrotechnics
11%
Bard, Sorcerer, Warlock, WizardEnchantmentRaulothim's Psychic Lance
11%
Bard, Cleric, DruidTransmutationRegenerate
11%
Druid, Ranger, WizardAbjurationSnare
11%
Sorcerer, WizardEvocationTasha's Caustic Brew
11%
Druid, RangerConjurationTree Stride
11%
DruidConjurationWall of Thorns
11%
Bard, Druid, WizardEnchantmentAntipathy/Sympathy
10%
Sorcerer, Warlock, WizardConjurationArcane Gate
10%
ClericEvocationBlade Barrier
10%
DruidTransmutationBones of the Earth
10%
Warlock, WizardNecromancyCause Fear
10%
Druid, WarlockConjurationConjure Fey
10%
Druid, WizardConjurationConjure Minor Elementals
10%
RangerConjurationConjure Volley
10%
Cleric, Warlock, WizardNecromancyCreate Undead
10%
Warlock, WizardNecromancyDanse Macabre
10%
Cleric, Druid, Paladin, RangerDivination (Ritual)Detect Poison and Disease
10%
Sorcerer, WizardTransmutationDragon's Breath
10%
RangerConjurationEnsnaring Strike
10%
Bard, Cleric, WizardEnchantmentFast Friends
10%
Bard, Warlock, WizardEvocationForcecage
10%
Cleric, Paladin, WizardNecromancy (Ritual)Gentle Repose
10%
Bard, WizardAbjurationGuards and Wards
10%
ClericEvocationHallow
10%
Bard, Druid, Warlock, WizardIllusionHallucinatory Terrain
10%
WizardIllusionIllusory Dragon
10%
Warlock, WizardAbjrationImprisonment
10%
Bard, Sorcerer, Warlock, WizardAbjurationIntellect Fortress
10%
Druid, Sorcerer, Warlock, WizardTransmutationInvestiture of Wind
10%
WizardEvocationJim's Magic Missile
10%
WizardConjurationLeomund's Secret Chest
10%
RangerTransmutationLightning Arrow
10%
Sorcerer, Warlock, WizardDivinationMind Spike
10%
WizardConjurationMordenkainen's Faithful Hound
10%
Druid, Sorcerer, WizardTransmutationMove Earth
10%
Sorcerer, WizardEvocationOtiluke's Freezing Sphere
10%
WarlockNecromancyShadow of Moil
10%
WizardIllusionSimulacrum
10%
WizardConjurationSummon Construct
10%
Warlock, WizardConjurationSummon Lesser Demons
10%
Druid, WizardConjurationTidal Wave
10%
WizardTransmutationTiny Servant
10%
Druid, WizardTransmutationTransmute Rock
10%
Bard, Cleric, Sorcerer, Warlock, WizardDivinationTrue Seeing
10%
DruidConjurationTsunami
10%
Sorcerer, WizardConjurationVortex Warp
10%
Druid, WizardEvocationWhirlwind
10%
ClericConjurationWord of Recall
10%
RangerTransmutationZephyr Strike
10%
Sorcerer, WizardNecromancyAbi-Dalzim's Horrid Wilting
8%
DruidAbjurationAntilife Shell
8%
Bard, DruidTransmutationAwaken
8%
ClericAbjurationBeacon of Hope
8%
Druid, RangerDivination (Ritual)Beast Sense
8%
Bard, ClericEnchantmentCalm Emotions
8%
Bard, Sorcerer, WizardEnchantmentCatnap
8%
PaladinAbjurationCircle of Power
8%
BardEnchantmentCompulsion
8%
Druid, Sorcerer, WizardTransmutationControl Winds
8%
Sorcerer, Warlock, WizardEvocationCrown of Stars
8%
Sorcerer, WizardEvocationDelayed Blast Fireball
8%
Sorcerer, Warlock, WizardConjurationDemiplane
8%
PaladinEvocationDestructive Wave
8%
Bard, Sorcerer, Warlock, WizardConjurationDream of the Blue Veil
8%
DruidAbjurationDruid Grove
8%
Bard, Druid, Sorcerer, WizardEvocationEarth Tremor
8%
Bard, WarlockEnchantmentEnthrall
8%
Druid, Sorcerer, WizardTransmutationErupting Earth
8%
Bard, Cleric, Sorcerer, Warlock, WizardTransmutationEtherealness
8%
Bard, Cleric, Druid, WizardNecromancy (Ritual)Feign Death
8%
Sorcerer, WizardAbjurationFizban's Platinum Shield
8%
DruidTransmutationGiant Insect
8%
Druid, RangerConjurationHealing Spirit
8%
Cleric, PaladinEvocationHoly Weapon
8%
Sorcerer, WizardEvocationImmolation
8%
Cleric, Sorcerer, Warlock, WizardEnchantmentIncite Greed
8%
Bard, Cleric, WizardDivinationLegend Lore
8%
Bard, Druid, Ranger, WizardTransmutationLongstrider
8%
Sorcerer, Warlock, WizardIllusionMental Prison
8%
Bard, Druid, WizardIllusionMirage Arcane
8%
WizardIllusionNystur's Magic Aura
8%
Cleric, Druid, Ranger, Sorcerer, WizardAbjurationProtection from Energy
8%
Sorcerer, Warlock, WizardConjurationScatter
8%
Warlock, WizardNecromancySoul Cage
8%
Ranger, WizardConjurationSteel Wind Strike
8%
Cleric, Druid, Sorcerer, WizardEvocationSunburst
8%
Bard, Cleric, Druid, WizardAbjurationSymbol
8%
WizardTransmutationTenser's Transformation
8%
DruidConjurationTransport via Plants
8%
DruidTransmutationWind Walk
8%
Sorcerer, WizardEvocationAganazzar's Scorcher
6%
DruidTransmutationAnimal Shapes
6%
Cleric, PaladinAbjurationAura of Life
6%
Cleric, PaladinAbjurationAura of Purity
6%
Cleric, Druid, PaladinEvocationAura of Vitality
6%
Bard, Cleric, Warlock, WizardDivinationBorrowed Knowledge
6%
WizardEvocationContingency
6%
RangerTransmutationCordon of Arrows
6%
WizardTransmutationCreate Homunculus
6%
WizardTransmutationCreate Magen
6%
Cleric, WizardEvocationDawn
6%
Cleric, PaladinAbjurationDispel Evil and Good
6%
Druid, Sorcerer, WizardConjurationDust Devil
6%
Druid, Sorcerer, Warlock, WizardTransmutationEarthbind
6%
Druid, Warlock, WizardTransmutationElemental Bane
6%
Bard, Sorcerer, Warlock, WizardEnchantmentEnemies Abound
6%
Warlock, WizardConjurationFlock of Familiars
6%
ClericAbjuration (Ritual)Forbiddance
6%
WizardEnchantmentJim's Glowing Coin
6%
WizardConjurationMighty Fortress
6%
Bard, Warlock, WizardIllusionMislead
6%
Bard, ClericEnchantmentMotivational Speech
6%
Bard, Sorcerer, WizardIllusionNathair's Mischief
6%
WizardIllusion (Ritual)Phantom Steed
6%
ClericConjurationPlanar Ally
6%
DruidAbjurationPrimordial Ward
6%
Bard, WizardIllusionProject Image
6%
Sorcerer, WizardEvocationRime's Binding Ice
6%
WizardTransmutationSequester
6%
Bard, Sorcerer, WizardTransmutationSkill Empowerment
6%
DruidConjurationStorm of Vengeance
6%
RangerTransmutationSwift Quiver
6%
Sorcerer, WizardEvocationVitriolic Sphere
6%
Bard, Druid, Sorcerer, WizardEvocationWarding Wind
6%
Druid, Ranger, Sorcerer, WizardConjurationAir Bubble
5%
Cleric, Druid, WizardEvocationContinual Flame
5%
PaladinEvocationDivine Favor
5%
ClericEvocationDivine Word
5%
WizardTransmutationFabricate
5%
WizardEvocationFrost Fingers
5%
Warlock, WizardConjurationGalder's Speedy Courier
5%
Druid, Sorcerer, WizardConjurationIncendiary Cloud
5%
Cleric, WizardNecromancyLife Transference
5%
Bard, Druid, RangerDivination (Ritual)Locate Animals or Plants
5%
Warlock, WizardEvocationMaddening Darkness
5%
DruidEvocationMaelstrom
5%
WizardAbjurationMordernkainen's Private Sanctum
5%
Bard, Ranger, WizardAbjurationNondetection
5%
Bard, WizardDivination (Ritual)Rary's Telepathic Bond
5%
PaladinEvocationStaggering Smite
5%
Sorcerer, WizardEvocationStorm Sphere
5%
Druid, Sorcerer, WizardConjurationWatery Sphere
5%
Druid, RangerEvocationWrath of Nature
5%
Sorcerer, Warlock, WizardConjurationBlade of Disaster
3%
WizardTransmutationCreate Spelljamming Helm
3%
PaladinEvocationCrusader's Mantle
3%
Druid, Sorcerer, WizardTransmutationDraconic Transformation
3%
WizardConjuration (Ritual)Drawmij's Instant Summons
3%
WizardConjurationGalder's Tower
3%
ClericAbjurationHoly Aura
3%
Warlock, WizardConjurationInfernal Calling
3%
Sorcerer, Warlock, WizardEvocationSickening Radiance
3%
Sorcerer, WizardEvocationSnilloc's Snowball Storm
3%
Druid, Sorcerer, WizardConjurationSummon Draconic Spirit
3%
Sorcerer, Warlock, WizardTransmutationTasha's Otherworldly Guise
3%
ClericConjurationTemple of the Gods
3%
Warlock, WizardNecromancyNegative Energy Flood
2%

Score Distribution

Percentile by Number Answered

Percent of People with Each Score

Your Score History

You have not taken this quiz